Politik und Bildung
| Autor Corporativo: | |
|---|---|
| Otros Autores: | ; |
| Tipo de documento: | Print Libro |
| Lenguaje: | Alemán |
| Publicado: |
Braunschweig
Verl. Internat. Arbeitskreis Sonnenberg
1963
Braunschweig Verl. Internat. Arbeitskreis Sonnenbergerg 1963 |
| En: | Año: 1963 |
| Acceso en línea: |
Índice |
| Availability in Albert-Krebs Library: | VA.00.016 1996-1047 |
| Verificar disponibilidad: | HBZ Gateway |
| Servicio de pedido Subito: | Pedir ahora. |
| Palabras clave: |
MARC
| LEADER | 00000cam a2200000 c 4500 | ||
|---|---|---|---|
| 001 | 016170008 | ||
| 003 | DE-627 | ||
| 005 | 20260206195749.0 | ||
| 007 | tu | ||
| 008 | 710101s1963 gw ||||| 00| ||ger c | ||
| 035 | |a (DE-627)016170008 | ||
| 035 | |a (DE-603)09861598X | ||
| 035 | |a (DE-576)9016170006 | ||
| 035 | |a (DE-599)GBV016170008 | ||
| 035 | |a (OCoLC)73640817 | ||
| 035 | |a (OCoLC)73640817 | ||
| 035 | |a (AT-OBV)AC05278341 | ||
| 040 | |a DE-627 |b ger |c DE-627 |e rakwb | ||
| 041 | |a ger | ||
| 044 | |c XA-DE | ||
| 084 | |a 2,1 |2 ssgn | ||
| 084 | |a DI 1000 |2 rvk |0 (DE-625)rvk/19574:761 | ||
| 084 | |a 70.00 |2 bkl | ||
| 084 | |a 89.53 |2 bkl | ||
| 084 | |a 10.00 |2 bkl | ||
| 245 | 0 | 0 | |a Politik und Bildung |c [hrsg. vom Internationalen Arbeitskreis Sonnenberg. Red.: Margarete Köhne ... Karikaturen: Peter Leger] |
| 264 | 1 | |a Braunschweig |b Verl. Internat. Arbeitskreis Sonnenberg |c 1963 | |
| 264 | 1 | |a Braunschweig |b Verl. Internat. Arbeitskreis Sonnenbergerg |c 1963 | |
| 300 | |a 415 S |b Ill. |e Ill | ||
| 336 | |a Text |b txt |2 rdacontent | ||
| 337 | |a ohne Hilfsmittel zu benutzen |b n |2 rdamedia | ||
| 338 | |a Band |b nc |2 rdacarrier | ||
| 650 | 4 | |a Bildungs- und Erziehungswesen |7 (dpeaa)DE-2619 | |
| 650 | 4 | |a Erwachsenenbildung, Verantwortung, politische Bildung, europäische Integration, Unterricht | |
| 655 | 7 | |a Aufsatzsammlung |0 (DE-588)4143413-4 |0 (DE-627)105605727 |0 (DE-576)209726091 |2 gnd-content | |
| 689 | 0 | 0 | |d s |0 (DE-588)4046526-3 |0 (DE-627)106197703 |0 (DE-576)20906997X |a Politische Bildung |2 gnd |
| 689 | 0 | 1 | |a z |2 gnd |a Geschichte 1945-1963 |
| 689 | 0 | |5 DE-101 | |
| 689 | 1 | 0 | |d s |0 (DE-588)4046526-3 |0 (DE-627)106197703 |0 (DE-576)20906997X |a Politische Bildung |2 gnd |
| 689 | 1 | |5 (DE-627) | |
| 700 | 1 | |a Köhne, Margarete |4 oth | |
| 700 | 1 | |a Leger, Peter |4 oth | |
| 710 | 2 | |a Internationaler Arbeitskreis Sonnenberg |0 (DE-588)2015667-4 |0 (DE-627)101874022 |0 (DE-576)191696498 |4 oth | |
| 856 | 4 | 2 | |u http://scans.hebis.de/HEBCGI/show.pl?09861598_toc.pdf |m V:DE-603;B:DE-17 |q application/pdf |3 Inhaltsverzeichnis |7 1 |
| 935 | |a mkri | ||
| 935 | |h HEB |i 0501 | ||
| 935 | |h HEB |i 0503 | ||
| 936 | r | v | |a DI 1000 |b Allgemeines und Deutschland |k Pädagogik |k Bildungspolitik, Kulturpolitik |k Bildungs- und Kulturpolitik, Allgemeines |k Allgemeines und Deutschland |0 (DE-627)127070902X |0 (DE-625)rvk/19574:761 |0 (DE-576)20070902X |
| 936 | b | k | |a 70.00 |j Sozialwissenschaften allgemein: Allgemeines |0 (DE-627)106411462 |
| 936 | b | k | |a 89.53 |j Politische Kultur |0 (DE-627)106413864 |
| 936 | b | k | |a 10.00 |j Geisteswissenschaften allgemein: Allgemeines |0 (DE-627)106405543 |
| 936 | s | n | |a d100 |2 mzub |
| 951 | |a BO | ||
| ELC | |b 1 | ||
| LOK | |0 000 xxxxxcx a22 zn 4500 | ||
| LOK | |0 001 4196224571 | ||
| LOK | |0 003 DE-627 | ||
| LOK | |0 004 016170008 | ||
| LOK | |0 005 20221011145834 | ||
| LOK | |0 008 221011||||||||||||||||ger||||||| | ||
| LOK | |0 035 |a (DE-2619)k00916 | ||
| LOK | |0 040 |a DE-2619 |c DE-627 |d DE-2619 | ||
| LOK | |0 092 |o n | ||
| LOK | |0 541 |e Bestand Albert-Krebs-Bibliothek: 1996-1047 | ||
| LOK | |0 852 |a DE-2619 | ||
| LOK | |0 852 1 |c VA.00.016 |m p |9 00 | ||
| LOK | |0 935 |a kreb | ||
| LOK | |0 938 |k p | ||
| LOK | |0 939 |a 11-10-22 |b l01 | ||
| ORI | |a SA-MARC-krimdoka001.raw | ||
| TIM | |a 100019450101_100019631231 |b Geschichte 1945-1963 | ||
